<?xml version="1.0" encoding="UTF-8"?>
<record
    xmlns:xsi="http://www.w3.org/2001/XMLSchema-instance"
    xsi:schemaLocation="http://www.loc.gov/MARC21/slim http://www.loc.gov/standards/marcxml/schema/MARC21slim.xsd"
    xmlns="http://www.loc.gov/MARC21/slim">

  <leader>00648nam a2200229Ia 4500</leader>
  <controlfield tag="001">1096</controlfield>
  <controlfield tag="003">GE_BSU</controlfield>
  <controlfield tag="008">181216s||||||||xx |||||||||||||| ||und||</controlfield>
  <datafield tag="020" ind1=" " ind2=" ">
    <subfield code="a">9851342432</subfield>
  </datafield>
  <datafield tag="040" ind1=" " ind2=" ">
    <subfield code="c">GE_BSU</subfield>
  </datafield>
  <datafield tag="080" ind1=" " ind2=" ">
    <subfield code="a">174</subfield>
  </datafield>
  <datafield tag="245" ind1=" " ind2=" ">
    <subfield code="a">30 &#x433;&#x43B;&#x430;&#x432;&#x43D;&#x44B;&#x445; &#x43F;&#x440;&#x430;&#x432;&#x438;&#x43B; &#x434;&#x435;&#x43B;&#x43E;&#x432;&#x43E;&#x433;&#x43E; &#x44D;&#x442;&#x438;&#x43A;&#x435;&#x442;&#x430;.</subfield>
  </datafield>
  <datafield tag="245" ind1=" " ind2=" ">
    <subfield code="b">&#x41A;&#x430;&#x43A; &#x432;&#x435;&#x441;&#x442;&#x438; &#x441;&#x435;&#x431;&#x44F; &#x432; &#x434;&#x435;&#x43B;&#x43E;&#x432;&#x43E;&#x43C; &#x43E;&#x431;&#x449;&#x435;&#x441;&#x442;&#x432;&#x435;.</subfield>
  </datafield>
  <datafield tag="245" ind1=" " ind2=" ">
    <subfield code="c">&#x410;&#x432;&#x442;-&#x441;&#x43E;&#x441;&#x442;.&#x422;.&#x418;.&#x420;&#x435;&#x432;&#x44F;&#x43A;&#x43E;</subfield>
  </datafield>
  <datafield tag="260" ind1=" " ind2=" ">
    <subfield code="a">&#x41C;&#x438;&#x43D;&#x441;&#x43A;</subfield>
  </datafield>
  <datafield tag="260" ind1=" " ind2=" ">
    <subfield code="b">&#x425;&#x430;&#x440;&#x432;&#x435;&#x441;&#x442;</subfield>
  </datafield>
  <datafield tag="260" ind1=" " ind2=" ">
    <subfield code="c">2005</subfield>
  </datafield>
  <datafield tag="300" ind1=" " ind2=" ">
    <subfield code="a">96&#x441;&#x442;&#x440;.</subfield>
  </datafield>
  <datafield tag="541" ind1=" " ind2=" ">
    <subfield code="h">3&#x43B;.</subfield>
  </datafield>
  <datafield tag="653" ind1=" " ind2=" ">
    <subfield code="a">30 &#x433;&#x43B;&#x430;&#x432;&#x43D;&#x44B;&#x445; &#x43F;&#x440;&#x430;&#x432;&#x438;&#x43B; &#x434;&#x435;&#x43B;&#x43E;&#x432;&#x43E;&#x433;&#x43E; &#x44D;&#x442;&#x438;&#x43A;&#x435;&#x442;&#x430;</subfield>
  </datafield>
  <datafield tag="942" ind1=" " ind2=" ">
    <subfield code="c">BK</subfield>
  </datafield>
  <datafield tag="999" ind1=" " ind2=" ">
    <subfield code="c">35249</subfield>
    <subfield code="d">35249</subfield>
  </datafield>
  <datafield tag="952" ind1=" " ind2=" ">
    <subfield code="0">0</subfield>
    <subfield code="1">0</subfield>
    <subfield code="4">0</subfield>
    <subfield code="7">0</subfield>
    <subfield code="9">33580</subfield>
    <subfield code="d">2018-12-17</subfield>
    <subfield code="p">1675</subfield>
    <subfield code="r">2018-12-17</subfield>
    <subfield code="w">2018-12-17</subfield>
    <subfield code="y">BK</subfield>
  </datafield>
</record>
